Statistics for Guess the Band

Click here to take the quiz!

General Stats

  • This quiz has been taken 29 times
  • The average score is 15 of 18

Answer Stats

Hints Band % Correct
Freddie Mercury / Bohemian RhapsodyQueen
97%
John Lennon / Liverpool / Paul McCartneyThe Beatles
97%
Mick Jagger / Satisfaction / LondonThe Rolling Stones
93%
Kurt Cobain / Grunge / Smells Like Teen SpiritNirvana
93%
Jim Morrison / Riders On The Storm / Light My FireThe Doors
90%
Hotel California / Don Henley / Take It EasyThe Eagles
90%
Liam Gallagher / Noel Gallagher / WonderwallOasis
90%
Slash / Axl Rose / Welcome to the JungleGuns N' Roses
90%
The Wall / David Gilmour / Progressive RockPink Floyd
90%
Angus Young / Back In Black / AustraliaAC/DC
86%
Jimmy Page / John Bonham / Stairway to HeavenLed Zeppelin
86%
Pioneers of Heavy Metal / Ozzy OsbourneBlack Sabbath
83%
John Frusciante / Californication / FleaRed Hot Chili Peppers
76%
Nothing Else Matters / James Hetfield / MetalMetallica
76%
Punk Rock / Sid Vicious / God Save The QueenSex Pistols
72%
Jimi Hendrix / Electric Guitar / Psychedelic RockThe Jimi Hendrix Experience
69%
Eddie Vedder / Seattle / Alive / GrungePearl Jam
59%
Ian Curtis / Unkown Pleasures / Post-PunkJoy Division
24%

Score Distribution

Percentile by Number Answered

Percent of People with Each Score

Your Score History

You have not taken this quiz